LEADER 01677nam 2200361 n 450 001 996391158503316 005 20221108065732.0 035 $a(CKB)1000000000659657 035 $a(EEBO)2240952789 035 $a(UnM)99861808 035 $a(EXLCZ)991000000000659657 100 $a19920716d1647 uy | 101 0 $aeng 135 $aurbn||||a|bb| 200 10$aBy the Commissioners of the General Assembly of Scotland$b[electronic resource] $ea solemne and seasonable vvarning to all estates and degrees of persons throughout the land: for holding fast the League and Covenant with England, and avoiding every thing that may prove a snare and tentation to the breach thereof. Published according to order 210 $a[London] $cFirst printed at Edinburgh by Evan Tyler, printer to the Kings most Excellent Majesty. And re-printed at London by John Dever & Robert Ibbitson, for John Bellamy.$dJanua. 4. 1647 215 $a[2], 6 p 300 $aAn edition of: Scotland, General Assembly, Commissioners. Good counsell come from Scotland. 300 $aSigned at end: A. Ker. 300 $aAnnotation on Thomason copy: "1646"; the 7 in imprint date crossed out. 300 $aReproduction of the original in the British Library. 330 $aeebo-0018 607 $aGreat Britain$xHistory$yCivil War, 1642-1649$vEarly works to 1800 607 $aGreat Britain$xChurch history$y17th century 701 $aKer$b A$01001307 801 0$bCu-RivES 801 1$bCu-RivES 801 2$bCStRLIN 801 2$bWaOLN 906 $aBOOK 912 $a996391158503316 996 $aBy the Commissioners of the General Assembly of Scotland$92344918 997 $aUNISA LEADER 01186nam0 22003011i 450 001 UON00270511 005 20231205103752.820 010 $a84-961072-9-9 100 $a20051206d2004 |0itac50 ba 101 $aspa 102 $aES 105 $a|||| ||||| 200 1 $aAztecas-Mexicas$edesarrollo de una civilizacion originaria$fMiguel Leon Portilla 210 $aMadrid$cAlgaba$d2005 215 $a239 p., 32 p. di tav.$cill.$d25 cm. 410 1$1001UON00275148$12001 $aHistoria$1210 $aMadrid$cAlgaba 423 1$1001UON00375455$12001 $aDesarollo de una civilizacion originaria 606 $aAZTECHI$xStoria$3UONC048718$2FI 620 $aES$dMadrid$3UONL000218 676 $a972.018$cMessico. Periodo azteco, 1325-1519.$v21 700 1$aLEóN-PORTILLA$bMiguel$3UONV123674$0136392 712 $aAlgaba$3UONV271412$4650 801 $aIT$bSOL$c20240220$gRICA 899 $aSIBA - SISTEMA BIBLIOTECARIO DI ATENEO$2UONSI 912 $aUON00270511 950 $aSIBA - SISTEMA BIBLIOTECARIO DI ATENEO$dSI Isp.A 972 013 $eSI DA 962 5 013 996 $aAztecas-Mexicas$91240057 997 $aUNIOR